000 00358nam a2200145Ia 4500
008 230711s9999||||xx |||||||||||||| ||und||
041 _aENG
082 _a530
_bBE-C
100 _aBeiser, Arthur
245 0 _aConcepts of modern Physics
250 _a1st Ed.
260 _c1987
_aNew Delhi
_bTata McGraw Hill Education Limited
650 _aPhysics
942 _cBK
999 _c13
_d13